Normal view
MARC view
Entry Término temático
001 - NÚMERO DE CONTROL
- campo de control: 166435
003 - IDENTIFICADOR DEL NÚMERO DE CONTROL
- campo de control: OSt
005 - FECHA Y HORA DE LA ÚLTIMA TRANSACCIÓN
- campo de control: 20220127160937.0
008 - DATOS DE LONGITUD FIJA
- campo de control de longitud fija: 220127|| aca||aabn | a|a d
040 ## - FUENTE DE LA CATALOGACIÓN
- Centro catalogador/agencia de origen: OSt
- Centro/agencia transcriptor: OSt
150 ## - ENCABEZAMIENTO--TÉRMINO DE MATERIA
- Término de materia o nombre geográfico como elemento de entrada: Algodón
- Subdivisión general: Guatemala Plantas
- Subdivisión general: Crecimiento
- Subdivisión general: Aditivos
670 ## - FUENTE DE DATOS ENCONTRADOS
- Cita de la fuente: Work cat.: (OSt)201508: Rodríguez de León, Roberto 98437, Incremento en rendimiento y efectos en el algodonero del regulador de crecimiento cloruro de 2-cloroetilmetilamonio en Guatemala C. A. /
